LEADER 02256nam 2200469 n 450 001 996396223003316 005 20200824120907.0 035 $a(CKB)4330000000364523 035 $a(EEBO)2264219636 035 $a(UnM)99856653_22259e 035 $a(UnM)99856653_22259 035 $a(EXLCZ)994330000000364523 100 $a19921021d1609 uy | 101 0 $aeng 135 $aurbn||||a|bb| 200 10$aObseruations vpon Cęsars Comentaries$b[electronic resource] /$fBy Clement Edmundes, Remembrancer of the cittie of London 210 $a[London $cS.n.$d1609] 215 $a[8], 7, [1], 204 [i.e. 206], [2], 126, [2], 138 p., [23] leaves of plates $cill., port 300 $aWith abridged translations of Caesar's Commentaries. 300 $aTitle page is engraved; a variant, with 1609 imprint added, is used in STC 7491. 300 $aContents of individual copies vary; see STC essay at head of entry for Edmondes. Twelve plates are present in a complete configuration, and a woodcut portrait of Caesar may be present. 300 $aIdentified as STC 7491a at reel 592:8, and as STC 7492 at reel 782:10. 300 $aReproductions of the originals in the Folger Shakespeare Library, the British Library, and the University of Illinois (Urbana-Champaign Campus). Library. 300 $aAppears at reel 592 (Folger Shakespeare Library copy), reel 782 (British Library copy), and reel 1943 (University of Illinois (Urbana-Champaign Campus). Library copy). 300 $aImperfect: item at reel 1943:2 has print show-through. 330 $aeebo-0216 517 3 $aObservations upon Cęsars Commentaries 517 3 $aObservations upon Cęsars comentaries 606 $aMilitary art and science$vEarly works to 1800 607 $aRome$xHistory$yRepublic, 265-30 B.C$vEarly works to 1800 607 $aGaul$xHistory$yGallic Wars, 58-51 B.C$vEarly works to 1800 615 0$aMilitary art and science 700 $aEdmondes$b Clement$cSir,$f1566 or 7-1622.$01004619 701 $aCaesar$b Julius$0159728 801 0$bCu-RivES 801 1$bCu-RivES 801 2$bCStRLIN 801 2$bWaOLN 906 $aBOOK 912 $a996396223003316 996 $aObseruations vpon Cęsars Comentaries$92330937 997 $aUNISA LEADER 02644oam 2200673I 450 001 9910707138803321 005 20160506134419.0 035 $a(CKB)5470000002462111 035 $a(OCoLC)891382535 035 $a(EXLCZ)995470000002462111 100 $a20140926d1967 ua 0 101 0 $aeng 135 $aurbn||||||||| 181 $ctxt$2rdacontent 182 $cc$2rdamedia 183 $acr$2rdacarrier 200 10$aUpper Silurian and Lower Devonian stratigraphy of northeastern Pennsylvania, New Jersey, and southeasternmost New York $ea description and partial revision of the physical stratigraphy and interpretations of depositional environments /$fby Anita G. Epstein, Jack B. Epstein, Walter J. Spink, and David S. Jennings 210 1$a[Washington, D.C.] :$cUnited States Department of the Interior, Geological Survey,$d1967. 210 2$aWashington :$cUnited States Government Printing Office. 215 $a1 online resource (iv, 74 pages, 1 page of plates) $cillustrations 225 1 $aGeological Survey bulletin ;$v1243 300 $aTitle from title screen (viewed September 15, 2014). 320 $aIncludes bibliographical references (pages 72-74). 517 $aUpper Silurian and Lower Devonian stratigraphy of northeastern Pennsylvania, New Jersey, and southeasternmost New York 606 $aGeology$zNew Jersey 606 $aGeology$zNew York (State) 606 $aGeology$zPennsylvania 606 $aGeology, Stratigraphic$yDevonian 606 $aGeology, Stratigraphic$ySilurian 606 $aDevonian Geologic Period$2fast 606 $aGeology$2fast 606 $aGeology, Stratigraphic$2fast 606 $aSilurian Geologic Period$2fast 607 $aNew Jersey$2fast 607 $aNew York (State)$2fast 607 $aPennsylvania$2fast 615 0$aGeology 615 0$aGeology 615 0$aGeology 615 0$aGeology, Stratigraphic 615 0$aGeology, Stratigraphic 615 7$aDevonian Geologic Period. 615 7$aGeology. 615 7$aGeology, Stratigraphic. 615 7$aSilurian Geologic Period. 700 $aEpstein$b Anita G.$f1937-$01414339 702 $aEpstein$b Jack Burton$f1935- 702 $aSpink$b Walter J. 702 $aJennings$b D. S$g(David Stout),$f1885- 712 02$aGeological Survey (U.S.), 801 0$bCOP 801 1$bCOP 801 2$bOCLCO 801 2$bOCLCF 801 2$bGPO 906 $aBOOK 912 $a9910707138803321 996 $aUpper Silurian and Lower Devonian stratigraphy of northeastern Pennsylvania, New Jersey, and southeasternmost New York$93543874 997 $aUNINA LEADER 01035nam0-22003491i-450 001 990007949830403321 005 20240122105432.0 010 $a88-207-3353-6 035 $a000794983 035 $aFED01000794983 035 $a(Aleph)000794983FED01 100 $a20041115d2002----km-y0itay50------ba 101 0 $aita 102 $aIT 105 $ay-------001yy 200 1 $aDella filosofia della storia$fAurelio de' Giorgi Bertola$ga cura di Fabrizio Lomonaco 210 $aNapoli$cLiguori$d2002 215 $aLXXVI, 185 p.$d24 cm 225 1 $aDomini 225 1 $a<>cultura storica$v16 610 0 $aFilosofia della storia 676 $a901$v23$zita 700 1$aBertola de' Giorgi,$bAurelio$f<1753-1798>$0151794 702 1$aLomonaco,$bFabrizio$f<1959- > 801 0$aIT$bUNINA$gRICA$2UNIMARC 901 $aBK 912 $a990007949830403321 952 $aDFT A80 GIBA 01$b2023/1842$fFLFBC 952 $a109.5 BEDG 01$fFLFBC 959 $aFLFBC 996 $aDella filosofia della storia$9746940 997 $aUNINA